Muslim Majority Countries - Statistics

General Stats
  • This quiz has been taken 47 times
  • The average score is 45 of 50
Answers on the Map
Answers color-coded by a green-red scale on the quiz's map according to % correct below.
 
Answer Stats
Answer % Correct
Afghanistan
100%
Algeria
100%
Egypt
100%
Iran
100%
Iraq
100%
Oman
100%
Pakistan
100%
Saudi Arabia
100%
Syria
100%
United Arab Emirates
100%
Chad
97%
Jordan
97%
Morocco
97%
Niger
97%
Qatar
97%
Sudan
97%
Turkey
97%
Yemen
97%
Bahrain
95%
Kuwait
95%
Lebanon
95%
Libya
95%
Nigeria
95%
Azerbaijan
92%
Gambia
92%
Kazakhstan
92%
Mauritania
92%
Somalia
92%
Tunisia
92%
Turkmenistan
92%
Uzbekistan
92%
Guinea
89%
Indonesia
89%
Kyrgyzstan
89%
Mali
89%
Senegal
89%
Tajikistan
89%
Guinea-Bissau
84%
Malaysia
84%
Albania
82%
Djibouti
82%
Sierra Leone
82%
Bosnia and Herzegovina
79%
Burkina Faso
79%
Kosovo
79%
Brunei
76%
Comoros
76%
Maldives
76%
Bangladesh
71%
Palestine
47%
No matching quizzes found
Score Distribution
Percent of People with Each Score
Percentile by Number Answered
Your Score History
You have not taken this quiz